000 00324nam a2200121Ia 4500
008 220204s9999 xx 000 0 und d
082 _a301
_bCOS
100 _aL A
245 0 _aMasters of sociological thought: Ideas in historical social context
250 _aEd.2
260 _aNew York
_bHarcourt Brace
_c1977
942 _cBK
999 _c29021
_d29021